000
00337 a2200133 4500
999
_c
12320
_d
12320
003
OSt
005
20240117100619.0
008
240117b ||||| |||| 00| 0 eng d
020
_a
9783037787052
100
_a
SHAYARI DE SILVA
245
_a
DRAWING FROM THE GEOFFREY BAWA ARCHIVES
260
_b
Lars Muller Publishers
_c
2023
942
_2
ddc